000 00297nam a2200121Ia 4500
008 240624s9999 xx 000 0 und d
041 _aeng
082 _a658.4 DAL
100 _aDALESSANDRO DAVID F
245 _aEXECUTIVE WARFARE
260 _c2008
_aNew Delhi
_bTata McGraw-Hill
365 _cRS
_b33
999 _c25960
_d25960